000 00440 a2200109 4500
001 ART_49137
005 20260410162019.0
008 260409a
245 1 0 _aLas acciones de preterición y entrega de la legítima como remedio ante la omisión de herederos foszosos en el testamento
100 1 _aMerlo, Leandro M.
773 0 _tTemas de derecho de familia, sucesiones y bioética
_g- Año 4, N° 5 (mayo 2019)
_wREV41029
999 _c32906
_d32906